Bridges - design for improved buildability. (Record no. 93990)
[ view plain ]
| 000 -LEADER | |
|---|---|
| fixed length control field | 00728cam a2200253 4500 |
| 008 - FIXED-LENGTH DATA ELEMENTS--GENERAL INFORMATION | |
| fixed length control field | 090401t1996 xxu||||| |||| 00| 0 eng d |
| 020 ## - INTERNATIONAL STANDARD BOOK NUMBER | |
| International Standard Book Number | 0860174409 |
| 035 ## - SYSTEM CONTROL NUMBER | |
| System control number | (Sirsi) u57909 |
| 041 ## - LANGUAGE CODE | |
| Language code of text/sound track or separate title | eng |
| 050 ## - LIBRARY OF CONGRESS CALL NUMBER | |
| Classification number | 624.25 |
| 100 ## - MAIN ENTRY--PERSONAL NAME | |
| Personal name | Ray, S.S. |
| 245 ## - TITLE STATEMENT | |
| Title | Bridges - design for improved buildability. |
| 260 ## - PUBLICATION, DISTRIBUTION, ETC. | |
| Place of publication, distribution, etc. | London |
| Name of publisher, distributor, etc. | CIRIA |
| Date of publication, distribution, etc. | 1996 |
| 300 ## - PHYSICAL DESCRIPTION | |
| Extent | xi,149p. : ill. ; 30cm. |
| 350 ## - PRICE (NR) (BK AM CF MU VM SE) [OBSOLETE] | |
| Price | 68 |
| 490 ## - SERIES STATEMENT | |
| Series statement | CIRIA Report |
| Volume/sequential designation | 155 |
| 650 ## - SUBJECT ADDED ENTRY--TOPICAL TERM | |
| Topical term or geographic name entry element | BUILT ENVIRONMENT-BUILDING MAINTENANCE AND REFURBISHMENT |
| 690 ## - LOCAL SUBJECT ADDED ENTRY--TOPICAL TERM (OCLC, RLIN) | |
| Topical term or geographic name as entry element | BUILT ENVIRONMENT-CONSTRUCTION DESIGN |
| 700 ## - ADDED ENTRY--PERSONAL NAME | |
| Personal name | Barr, J. |
| 700 ## - ADDED ENTRY--PERSONAL NAME | |
| Personal name | Clark, L. |
| 710 ## - ADDED ENTRY--CORPORATE NAME | |
| Corporate name or jurisdiction name as entry element | Construction Industry Research and Information Association |
| 9 (RLIN) | 4810 |
| 942 ## - ADDED ENTRY ELEMENTS (KOHA) | |
| Suppress in OPAC | 0 |
| 948 ## - LOCAL PROCESSING INFORMATION (OCLC); SERIES PART DESIGNATOR (RLIN) | |
| c (OCLC) | 04/03/1997 |
| Withdrawn status | Lost status | Source of classification or shelving scheme | Damaged status | Not for loan | Home library | Current library | Shelving location | Date acquired | Cost, normal purchase price | Total Checkouts | Full call number | Barcode | Date last seen | Copy number | Cost, replacement price | Price effective from | Koha item type |
|---|---|---|---|---|---|---|---|---|---|---|---|---|---|---|---|---|---|
| Dewey Decimal Classification | London | London | Folio | 24/06/1996 | 68.00 | F624.25 | 30034308 | 06/08/2019 | 1 | 68.00 | 06/08/2019 | Book |